El beneficio de justicia gratuita y las costas en acciones individuales de consumo. Alternativas de decisión y consecuencias prácticas / (Registro nro. 5378)
[ vista simple ]
| 000 -LEADER | |
|---|---|
| fixed length control field | 01373nab a22002537a 4500 |
| 003 - CONTROL NUMBER IDENTIFIER | |
| control field | OSt |
| 005 - DATE AND TIME OF LATEST TRANSACTION | |
| control field | 20250306130020.0 |
| 008 - FIXED-LENGTH DATA ELEMENTS--GENERAL INFORMATION | |
| fixed length control field | 190603e xxum|||| |||| 00| 0 spa d |
| 040 ## - CATALOGING SOURCE | |
| Transcribing agency | PJ |
| 100 ## - MAIN ENTRY--PERSONAL NAME | |
| 9 (RLIN) | 5463 |
| Personal name | Depetris, Carlos E. |
| 245 13 - TITLE STATEMENT | |
| Title | El beneficio de justicia gratuita y las costas en acciones individuales de consumo. Alternativas de decisión y consecuencias prácticas / |
| Statement of responsibility, etc | Carlos E. Depetris. |
| 260 ## - PUBLICATION, DISTRIBUTION, ETC. (IMPRINT) | |
| Date of publication, distribution, etc | Ciudad Autónoma de Buenos Aires : |
| Place of publication, distribution, etc | Thomson Reuters La Ley, |
| Name of publisher, distributor, etc | 2024. |
| 300 ## - PHYSICAL DESCRIPTION | |
| Extent | p. 229-239 |
| 500 ## - GENERAL NOTE | |
| General note | Cita Online: TR LALEY AR/DOC/1624/2024.<br/> |
| 505 ## - FORMATTED CONTENTS NOTE | |
| Formatted contents note | Sumario: I. Introducción.— II. El problema de las costas en los procesos de consumo.— III. Significado y alcances del beneficio de gratuidad concedido al consumidor.— IV. Las posibilidades de decisión y sus implicancias prácticas.— V. Las excepciones a la condena provisoria propuesta.— VI. Conclusiones generales. |
| 505 ## - FORMATTED CONTENTS NOTE | |
| Title | ¿Te interesa el texto completo? Solicitalo al correo: koha@justierradelfuego.gov.ar<br/> |
| 650 #0 - SUBJECT ADDED ENTRY--TOPICAL TERM | |
| 9 (RLIN) | 2608 |
| Topical term or geographic name as entry element | DERECHOS DEL CONSUMIDOR |
| 650 #0 - SUBJECT ADDED ENTRY--TOPICAL TERM | |
| 9 (RLIN) | 2405 |
| Topical term or geographic name as entry element | BENEFICIO DE LITIGAR SIN GASTOS |
| 650 #0 - SUBJECT ADDED ENTRY--TOPICAL TERM | |
| 9 (RLIN) | 2533 |
| Topical term or geographic name as entry element | COSTAS |
| 653 ## - INDEX TERM--UNCONTROLLED | |
| Uncontrolled term | FORMA DEL CONTRATO |
| 653 ## - INDEX TERM--UNCONTROLLED | |
| Uncontrolled term | FORMA ESCRITA |
| 773 0# - HOST ITEM ENTRY | |
| Host Biblionumber | 2713 |
| Host Itemnumber | 3170 |
| Place, publisher, and date of publication | Ciudad Autónoma de Buenos Aires : Thomson Reuters La Ley, 2015- |
| Title | Revista Código Civil y Comercial. Nº 4 - Agosto 2024 |
| 942 ## - ADDED ENTRY ELEMENTS (KOHA) | |
| Source of classification or shelving scheme | |
| Koha item type | Analítica Artículo de Revista |
No hay ítems disponibles.
